BIBLIOTECA PODER JUDICIAL
Portal Judicial TDF

La responsabilidad civil de los progenitores por los daños ocasionados por sus hijos durante la minoría de edad / (Registro nro. 5447)

000 -LEADER
fixed length control field 01612nab a22002657a 4500
003 - CONTROL NUMBER IDENTIFIER
control field OSt
005 - DATE AND TIME OF LATEST TRANSACTION
control field 20251023093746.0
008 - FIXED-LENGTH DATA ELEMENTS--GENERAL INFORMATION
fixed length control field 190603e xxum|||| |||| 00| 0 spa d
040 ## - CATALOGING SOURCE
Transcribing agency PJ
100 ## - MAIN ENTRY--PERSONAL NAME
9 (RLIN) 5033
Personal name González Magaña, Ignacio
245 10 - TITLE STATEMENT
Title La responsabilidad civil de los progenitores por los daños ocasionados por sus hijos durante la minoría de edad /
Statement of responsibility, etc Ignacio González Magaña.
260 ## - PUBLICATION, DISTRIBUTION, ETC. (IMPRINT)
Date of publication, distribution, etc Ciudad Autónoma de Buenos Aires :
Place of publication, distribution, etc Thomson Reuters La Ley,
Name of publisher, distributor, etc 2025.
300 ## - PHYSICAL DESCRIPTION
Extent p. 12-25
500 ## - GENERAL NOTE
General note Cita Online: TR LALEY AR/DOC/547/2025.<br/>
505 ## - FORMATTED CONTENTS NOTE
Formatted contents note Sumario: I. Introducción.— II. La responsabilidad civil de los progenitores en el régimen derogado y el cambio de paradigma en el Cód. Civ. y Com.— III. Análisis de la ley vigente. El requisito de la cohabitación y su conjugación con la autonomía y capacidad progresiva en NNyA.— IV. Casos especiales.— V. Las respuestas de la jurisprudencia durante la vigencia del régimen del Cód. Civil derogado y las respuestas dadas a la luz del Cód. Civ. y Com.— VI. Palabras de cierre.
505 ## - FORMATTED CONTENTS NOTE
Title ¿Te interesa el texto completo? Solicitalo al correo: koha@justierradelfuego.gov.ar<br/>
650 #0 - SUBJECT ADDED ENTRY--TOPICAL TERM
9 (RLIN) 1015
Topical term or geographic name as entry element RESPONSABILIDAD PARENTAL
650 #0 - SUBJECT ADDED ENTRY--TOPICAL TERM
9 (RLIN) 1467
Topical term or geographic name as entry element RESPONSABILIDAD CIVIL
650 #0 - SUBJECT ADDED ENTRY--TOPICAL TERM
9 (RLIN) 3674
Topical term or geographic name as entry element RESPONSABILIDAD DE LOS PADRES
650 #0 - SUBJECT ADDED ENTRY--TOPICAL TERM
9 (RLIN) 3451
Topical term or geographic name as entry element RESPONSABILIDAD OBJETIVA
650 #0 - SUBJECT ADDED ENTRY--TOPICAL TERM
9 (RLIN) 4951
Topical term or geographic name as entry element RESPONSABILIDAD SOLIDARIA
650 #0 - SUBJECT ADDED ENTRY--TOPICAL TERM
9 (RLIN) 4103
Topical term or geographic name as entry element PROGENITOR AFIN
773 0# - HOST ITEM ENTRY
Host Biblionumber 2713
Host Itemnumber 3170
Place, publisher, and date of publication Ciudad Autónoma de Buenos Aires : Thomson Reuters La Ley, 2015-
Title Revista Código Civil y Comercial. Nº 2 - Abril 2025
942 ## - ADDED ENTRY ELEMENTS (KOHA)
Source of classification or shelving scheme
Koha item type Analítica Artículo de Revista

No hay ítems disponibles.

12 de Octubre 789 Ushuaia - Tel:  54(02901)441571
Horario de Atención: 8.00 a 17.00 hs. 
bibliotecaush@justierradelfuego.gov.ar
koha@justierradelfuego.gov.ar
Seguinos en nuestras redes @bibliojustdf 

Con tecnología Koha